[Event "Bangkok Olympiad Qual"]
[Site "Bangkok"]
[Date "2022.06.01"]
[Round "1"]
[White "Wiwatanadate, Poompong"]
[Black "Wongsawan, Thoetsak"]
[Result "1-0"]
[WhiteElo "2023"]
[BlackElo "1837"]
[PlyCount "61"]
[EventDate "2022.06.01"]
[EventType "tourn"]
[EventRounds "9"]
[EventCountry "THA"]
[SourceTitle "CBM 208 Extra"]
[Source "ChessBase"]
[SourceDate "2022.07.31"]
[SourceVersion "1"]
[SourceVersionDate "2022.07.31"]
[SourceQuality "1"]

1. d4 d5 2. c4 e6 3. Nc3 Nf6 4. cxd5 exd5 5. Bg5 c6 6. e3 h6 7. Bh4 Be7 8. Bd3 0-0 9. Qc2 Re8 10. h3 a5 11. Nf3 Ne4 12. Bxe7 Qxe7 13. 0-0 Bf5 14. Ne5 Nd7 15. Nxd7 Qxd7 16. Bxe4 Bxe4 17. Qd2 a4 18. b3 a3 19. Rac1 Qe7 20. Nxe4 Qxe4 21. Qb4 Re7 22. Rc5 f5 23. Ra5 Rxa5 24. Qxa5 f4 25. exf4 Qxd4 26. Qxa3 c5 27. g3 b5 28. Qa6 b4 29. Qc8+ Kh7 30. Qf5+ Kh8 31. Qf8+ 1-0

[Event "Bangkok Chinese New Year"]
[Site "Bangkok"]
[Date "2022.02.03"]
[Round "6"]
[White "Taulananda, Anon"]
[Black "Wiwatanadate, Poompong"]
[Result "0-1"]
[WhiteElo "1569"]
[BlackElo "1996"]
[PlyCount "54"]
[EventDate "2022.02.01"]
[EventType "tourn"]
[EventRounds "7"]
[EventCountry "THA"]
[SourceTitle "CBM 206 Extra"]
[Source "ChessBase"]
[SourceDate "2022.03.31"]
[SourceVersion "1"]
[SourceVersionDate "2022.03.31"]
[SourceQuality "1"]

1. d4 e6 2. c4 Nf6 3. Nf3 d5 4. g3 Be7 5. Bg2 0-0 6. 0-0 dxc4 7. Ne5 Nc6 8. Bxc6 bxc6 9. Nxc6 Qe8 10. Nxe7+ Qxe7 11. Qa4 e5 12. dxe5 Qxe5 13. Qxc4 Be6 14. Qh4 Qxe2 15. Nc3 Qf3 16. Bg5 Ng4 17. h3 Ne5 18. g4 Qb7 19. f4 Nf3+ 20. Rxf3 Qxf3 21. f5 Bc8 22. Rf1 Qc6 23. Ne2 Bb7 24. Nf4 f6 25. Bh6 Rad8 26. Bxg7 Qh1+ 27. Kf2 Qh2+ 0-1

[Event "THA-chT Rapid"]
[Site "Bangkok"]
[Date "2021.12.14"]
[Round "6.4"]
[White "Wiwatanadate, Poompong"]
[Black "Buranasing, Wanawee"]
[Result "1-0"]
[WhiteElo "1980"]
[BlackElo "1339"]
[PlyCount "79"]
[EventDate "2021.12.13"]
[EventType "team-swiss (rapid)"]
[EventRounds "9"]
[EventCountry "THA"]
[SourceTitle "CBM 205 Extra"]
[Source "ChessBase"]
[SourceDate "2022.01.31"]
[SourceVersion "1"]
[SourceVersionDate "2022.01.31"]
[SourceQuality "1"]
[WhiteTeam "PingPong"]
[BlackTeam "Happy Pawn"]
[WhiteTeamCountry "THA"]
[BlackTeamCountry "THA"]

1. d4 Nf6 2. c4 c5 3. d5 b5 4. cxb5 a6 5. bxa6 Bxa6 6. Nc3 d6 7. g3 g6 8. Bg2 Bg7 9. Nf3 0-0 10. 0-0 Nbd7 11. Qc2 Qa5 12. Bd2 Rfb8 13. Rfb1 Nb6 14. a4 Nc4 15. Be1 Qb6 16. b3 Na5 17. Nd2 Nd7 18. Nc4 Nxc4 19. bxc4 Qd8 20. Rxb8 Rxb8 21. Rb1 Bxc4 22. Nb5 Bxb5 23. axb5 Qb6 24. Bh3 Nf6 25. e4 Qa7 26. Bc3 Ne8 27. Bxg7 Kxg7 28. Qb2+ Kg8 29. b6 Qb7 30. Qb5 Nf6 31. Qc6 Nxe4 32. Qxb7 Rxb7 33. Bc8 Rb8 34. b7 Nc3 35. Ra1 Nxd5 36. Ra8 c4 37. Rxb8 c3 38. Bf5+ Kg7 39. Bc2 Nb4 40. Rc8 1-0